|
|
|
|
| LEADER |
02656nam a2200709 i 4500 |
| 001 |
nkc20243612774 |
| 003 |
CZ PrNK |
| 005 |
20241002130616.0 |
| 007 |
ta |
| 008 |
240625s2024 xr ach e c 000 0bcze |
| 015 |
|
|
|a cnb003612774
|
| 020 |
|
|
|a 978-80-907165-2-0
|q (brožováno)
|
| 035 |
|
|
|a (OCoLC)1459784846
|
| 040 |
|
|
|a OLA001
|b cze
|d ABA001
|e rda
|
| 041 |
0 |
|
|a cze
|b eng
|
| 043 |
|
|
|a e-xr---
|a e-xo---
|
| 045 |
|
|
|a x2y0
|
| 072 |
|
7 |
|a 791
|x Film. Cirkus. Lidová zábava
|2 Konspekt
|9 3
|
| 072 |
|
7 |
|a 929
|x Biografie
|2 Konspekt
|9 8
|
| 080 |
|
|
|a [791:72.071.1]-051
|2 MRF
|
| 080 |
|
|
|a 791.633-051
|2 MRF
|
| 080 |
|
|
|a 791.2
|2 MRF
|
| 080 |
|
|
|a 929
|2 MRF
|
| 080 |
|
|
|a (437.3)
|2 MRF
|
| 080 |
|
|
|a (437.6)
|2 MRF
|
| 080 |
|
|
|a (092)
|2 MRF
|
| 080 |
|
|
|a (083.824)
|2 MRF
|
| 100 |
1 |
|
|a Lukeš, Jan,
|d 1950-
|7 jk01072622
|4 aut
|
| 245 |
1 |
0 |
|a Zdeněk Rozkopal (1924-2002) :
|b skrytá tvář filmového architekta /
|c text: Jan Lukeš
|
| 250 |
|
|
|a První vydání
|
| 264 |
|
1 |
|a Zlín :
|b Filmfest, s.r.o.,
|c 2024
|
| 300 |
|
|
|a 79 stran :
|b ilustrace (některé barevné), portréty, faksimile ;
|c 26 cm
|
| 336 |
|
|
|a text
|b txt
|2 rdacontent
|
| 336 |
|
|
|a statický obraz
|b sti
|2 rdacontent
|
| 337 |
|
|
|a bez média
|b n
|2 rdamedia
|
| 338 |
|
|
|a svazek
|b nc
|2 rdacarrier
|
| 500 |
|
|
|a Publikace k výstavě konané 30.5.-25.8.2024 v Galerii Václava Chada, Zlín
|
| 500 |
|
|
|a 300 výtisků
|
| 504 |
|
|
|a Obsahuje bibliografii
|
| 546 |
|
|
|a Anglické resumé
|
| 600 |
1 |
7 |
|a Rozkopal, Zdeněk,
|d 1924-2002
|7 ola200202414
|2 czenas
|
| 648 |
|
4 |
|a 1924-2002
|
| 648 |
|
7 |
|a 20.-21. století
|7 ch462155
|2 czenas
|
| 650 |
0 |
7 |
|a filmoví architekti
|7 ph1236644
|z Česko
|y 20.-21. století
|2 czenas
|
| 650 |
0 |
7 |
|a filmoví režiséři
|7 ph120210
|z Česko
|y 20.-21. století
|2 czenas
|
| 650 |
0 |
7 |
|a filmy
|7 ph120215
|z Česko
|y 20. století
|2 czenas
|
| 650 |
0 |
7 |
|a filmy
|7 ph120215
|z Slovensko
|y 20. století
|2 czenas
|
| 650 |
0 |
9 |
|a film architects
|z Czechia
|y 20th-21st centuries
|2 eczenas
|
| 650 |
0 |
9 |
|a film directors
|z Czechia
|y 20th-21st centuries
|2 eczenas
|
| 650 |
0 |
9 |
|a films
|z Czechia
|y 20th century
|2 eczenas
|
| 650 |
0 |
9 |
|a films
|z Slovakia
|y 20th century
|2 eczenas
|
| 655 |
|
7 |
|a biografie
|7 fd131909
|2 czenas
|
| 655 |
|
7 |
|a katalogy výstav
|7 fd132536
|2 czenas
|
| 655 |
|
9 |
|a biography
|2 eczenas
|
| 655 |
|
9 |
|a exhibition catalogs
|2 eczenas
|
| 710 |
2 |
|
|a Galerie Václava Chada (Zlín, Česko)
|7 mzk2015890378
|4 orm
|
| 910 |
2 |
|
|a BOA001
|b 3-1527.533
|
| 928 |
9 |
|
|a Zlínský zámek o.p.s. - Galerie Václava Chada
|
| 990 |
|
|
|a BK
|
| 995 |
|
|
|a 01
|
| 991 |
|
|
|b 202407
|c NOV
|
| 996 |
6 |
|
|b 2610973611
|c 3-1527.533
|l MZK
|r Sklad / do 1 hodiny
|n 0
|p p.v.
|w 001969986
|u 000010
|a 1
|e BOA001
|j MZK50
|s P
|